Fill the Map of Europe with All Country Tripoints - Statistics

General Stats
  • This quiz has been taken 250 times
  • The average score is 41 of 48
Answers on the Map
Answers color-coded by a green-red scale on the quiz's map according to % correct below.
 
Answer Stats
Lat Lon Tripoint % Correct
69.05972222 20.54694444 FIN NORW SWE
96%
50.75444444 6.020833333 BELG GER NET
94%
45.9225 7.041388889 FRA ITA SWI
94%
50.87027778 14.82583333 CZE GER POL
93%
42.5025 1.724444444 AND FRA SPA (E)
92%
42.60194444 1.442222222 AND FRA SPA (W)
92%
52.11611111 31.78055556 BELA RUS UKR
92%
40.85166667 20.98333333 ALB GREE MAC
90%
46.52277778 13.71416667 AUSTRI ITA SLOVE
90%
51.50472222 23.62472222 BELA POL UKR
90%
44.8525 19.01055556 BOS CRO SER
90%
44.21666667 22.68333333 BUL ROM SER
90%
57.525 27.35194444 EST LAT RUS
90%
48.26388889 26.62527778 MOL ROM UKR (N)
90%
45.46666667 28.21333333 MOL ROM UKR (S)
90%
48.77111111 13.83944444 AUSTRI CZE GER
89%
48.00666667 17.16055556 AUSTRI HUN SLOVA
89%
46.86916667 16.11361111 AUSTRI HUN SLOVE
89%
41.34361111 22.94444444 BUL GREE MAC
89%
47.95444444 22.89722222 HUN ROM UKR
89%
46.85444444 10.46888889 AUSTRI ITA SWI
88%
56.16194444 28.15722222 BELA LAT RUS
88%
49.5175 18.84888889 CZE POL SLOVA
88%
69.05277778 28.93333333 FIN NORW RUS
88%
49.46944444 6.367222222 FRA GER LUX
88%
49.08722222 22.56305556 POL SLOVA UKR
88%
55.67916667 26.63333333 BELA LAT LIT
87%
41.71194444 26.35083333 BUL GREE TURKE
87%
47.58972222 7.588888889 FRA GER SWI
87%
54.3625 22.79055556 LIT POL RUS
87%
46.11666667 20.25 HUN ROM SER
86%
46.46666667 16.61666667 CRO HUN SLOVE
85%
53.95472222 23.51666667 BELA LIT POL
84%
50.12972222 6.1375 BELG GER LUX
84%
43.51666667 19.21666667 BOS MONT SER
84%
45.91666667 18.9 CRO HUN SER
84%
47.26666667 9.530277778 AUSTRI LIE SWI (N)
83%
47.05 9.606666667 AUSTRI LIE SWI (S)
83%
49.54611111 5.818055556 BELG FRA LUX
82%
48.61638889 16.94 AUSTRI CZE SLOVA
81%
42.31666667 22.36666667 BUL MAC SER
81%
48.405 22.14 HUN SLOVA UKR
80%
41.8775 20.59444444 ALB KOS MAC
79%
42.83333333 20.35 KOS MONT SER
79%
42.55611111 20.07861111 ALB KOS MONT
77%
47.52916667 9.611388889 AUSTRI GER SWI
76%
42.26666667 21.58333333 KOS MAC SER
73%
42.56222222 18.45 BOS CRO MONT
62%
No matching quizzes found
Score Distribution
Percent of People with Each Score
Percentile by Number Answered
Your Score History
You have not taken this quiz